Microeconomics: A Contemporary Introduction (Record no. 652)

MARC details
005 - DATE AND TIME OF LATEST TRANSACTION
control field 20250314150110.0
020 ## - INTERNATIONAL STANDARD BOOK NUMBER
International Standard Book Number 0-538-08840-0
082 ## - DEWEY DECIMAL CLASSIFICATION NUMBER
Classification number 338.54 McE
100 ## - MAIN ENTRY--PERSONAL NAME
Author name McEachern, W. A.
245 ## - TITLE STATEMENT
Title Microeconomics: A Contemporary Introduction
260 ## - PUBLICATION, DISTRIBUTION, ETC.
Place of publication, distribution, etc. Ohio,
Name of publisher, distributor, etc. South-Western Publishing CO,
Date of publication, distribution, etc. 1988.
300 ## - PHYSICAL DESCRIPTION
Extent xvi, 535p.: ill,; figure, graph, table
Other physical details Glossary, index
Dimensions 26cm.
942 ## - ADDED ENTRY ELEMENTS (KOHA)
Source of classification or shelving scheme Dewey Decimal Classification
Koha item type Books
Holdings
Date last seen Total checkouts Full call number Barcode Cost, replacement price Price effective from Koha item type Lost status Source of classification or shelving scheme Damaged status Not for loan Withdrawn status Home library Current library Shelving location Date acquired Cost, normal purchase price
03/14/2025   338.54 McE 0000002625 30000.00 03/14/2025 Books   Dewey Decimal Classification       College of Business Education Main Library College of Business Education Main Library General Collection 03/14/2025 10000.00